Ako nakŕmiť spavé novorodeniatko? dojčiatko a batoľa

Bibliographic Details
Main Author: Bilčíková, Erika (Adapter)
Format: Article
Language:Slovak
PhysicalDescription:Obr.
ISSN:1335-0919
Subjects:

MARC

LEADER 00000nab a2200000 a 4500
001 vtls000833689
003 SK-MaSNL
005 20260304113315.0
008 250429c2003 xo 0 slo
015 |a SNBRB2003/04-13849 
035 |a CLN000185344 
035 |a urn:nbn:sk:snk-ab6zd3 
035 |a (uuid)8168d917-8bf2-4b9a-a643-50683396a57f 
035 |a (urnnbn)urn:nbn:sk:snk:ar-a06cdn 
035 |a (sysno)vtls000833689 
040 |a SNKBUCL  |b slo  |c SNKBUCL  |e AACR2 
041 0 |a slo 
044 |a xo  |c SK 
080 |a 618.63  |2 1997 
100 1 |a Bilčíková, Erika  |4 adp  |9 1385284 
245 1 0 |a Ako nakŕmiť spavé novorodeniatko?  |b dojčiatko a batoľa  |c Erika Bilčíková 
300 |b Obr. 
500 |a Podľa La Leche League 
504 |a Res. slov. 
650 0 7 |a dojčenie  |2 SNKPH  |9 3802 
650 0 7 |a spánok  |2 SNKPH  |9 21972 
650 0 7 |a novorodenci  |2 SNKPH  |9 1225 
655 7 |a články z novín a časopisov  |2 SNK  |9 267496 
773 0 |t Dieťa nielen pre rodičov  |g Roč. 9, č. 2 (2003), s. 47  |x 1335-0919 
850 |a Slovenská národná knižnica 
852 |a Slovenská národná knižnica 
954 |a odborná, vedecká literatúra pôvodná (slovenská)  |2 lita 
958 |a article27 
958 |a MI 
958 |a OND 
958 |a EUIPO 
999 |c 2868913  |d 2870843